00484nam a2200145Ia 4500008004100000100002400041245006900065245005400134260003900188260000900227300001000236650001800246650001500264856005900279170221s9999 xx 000 0 und d aPaatelainen, Laura. 2aA Functional Analysis of the Finnish 2012 Presidential Elections cLaura Paatelainen, Stephen Croucher, Bill Benoit. bStudies in Media and Communication c2016 a6 : 2 xCommunication xMedia Arts uhttp://redfame.com/journal/index.php/smc/issue/view/75